| 000 | 01027nam a22002057a 4500 | ||
|---|---|---|---|
| 999 |
_c27694 _d27694 |
||
| 003 | BDDh-ASL | ||
| 005 | 20231016062617.0 | ||
| 008 | 201104s1949 ii ||||| |||| 00| 0 b d | ||
| 040 |
_aBDDh-ASL _cBDDh-ASL _dBDDh-ASL |
||
| 041 | _aben | ||
| 082 |
_a922.5492 _bULA |
||
| 100 | 1 |
_95871 _aউল্লা, খান বাহাদুর আহ্ছান _cআল্-হাজ |
|
| 245 | 1 | 0 |
_aআমার শিক্ষা ও দীক্ষা: _bতাওহিদ ইছলামের চরম ও পরম শিক্ষা / |
| 246 | _aAmar Shikha O Dhikha. | ||
| 260 |
_aকলিকাতা: _cমখদুমী লাইব্রেরী এণ্ড আহ্ছাসউল্লা বুক হাউস, _b১৯৪৯। |
||
| 300 |
_a৫৬ পৃষ্ঠা, : _c২০ সে.মি.। |
||
| 600 | 1 | 0 |
_95871 _aউল্লা, খান বাহাদুর আহ্ছান _cআল্-হাজ |
| 650 | 0 |
_abiographical dictionary - চরিতাভিধান _94665 |
|
| 942 |
_2ddc _cBK |
||